[Event "Subotica-ch op"]
[Site "Subotica"]
[Date "2020.02.26"]
[Round "2"]
[White "Avram, Veso"]
[Black "Kecskemeti, Arpad"]
[Result "0-1"]
[WhiteElo "2034"]
[BlackElo "2234"]
[PlyCount "60"]
[EventDate "2020.02.24"]
[EventType "swiss"]
[EventRounds "9"]
[EventCountry "SRB"]
[SourceTitle "CBM 195 Extra"]
[Source "ChessBase"]
[SourceDate "2020.05.31"]
[SourceVersion "1"]
[SourceVersionDate "2020.05.31"]
[SourceQuality "1"]

1. d4 Nf6 2. Nf3 g6 3. Bg5 Bg7 4. Nbd2 0-0 5. e4 d6 6. c3 Nbd7 7. Be2 c6 8. 0-0 Qc7 9. Re1 e5 10. dxe5 dxe5 11. Qc2 Nc5 12. Rad1 h6 13. Bh4 Nh5 14. b4 Ne6 15. Bg3 Nef4 16. Bc4 Rd8 17. Nf1 Bg4 18. Ne3 Bxf3 19. gxf3 Nh3+ 20. Kh1 Ng5 21. Rxd8+ Rxd8 22. Bh4 Bf6 23. Ng4 Nxf3 24. Nxf6+ Nxf6 25. Bxf6 Rd2 26. Qc1 Qd6 27. Re2 Rd1+ 28. Qxd1 Qxd1+ 29. Kg2 Ne1+ 30. Kg3 b5 0-1

[Event "IBCA EU-chT blind 2nd"]
[Site "Calimanesti"]
[Date "2019.10.06"]
[Round "2.4"]
[White "Avram, Veso"]
[Black "Stachanczyk, Jacek"]
[Result "0-1"]
[WhiteElo "2041"]
[BlackElo "2145"]
[PlyCount "111"]
[EventDate "2019.10.05"]
[EventType "team-swiss"]
[EventRounds "9"]
[EventCountry "ROU"]
[SourceTitle "CBM 192 Extra"]
[Source "Chessbase"]
[SourceDate "2019.11.06"]
[SourceVersion "1"]
[SourceVersionDate "2019.11.06"]
[SourceQuality "1"]
[WhiteTeam "Serbia"]
[BlackTeam "Poland II"]
[WhiteTeamCountry "SRB"]
[BlackTeamCountry "POL"]

1. d4 d5 2. c4 c6 3. Nf3 Nf6 4. e3 Bg4 5. cxd5 cxd5 6. Nc3 Nc6 7. Qb3 Na5 8. Qa4+ Bd7 9. Bb5 Nc6 10. Ne5 Qc7 11. e4 e6 12. Bf4 Bd6 13. Nxd7 Nxd7 14. e5 Be7 15. 0-0 0-0 16. Rac1 Rfc8 17. Ne2 Qb6 18. Rc2 Rc7 19. Rfc1 Rac8 20. a3 Ndb8 21. Be3 a6 22. Bd3 Bf8 23. Rc3 Na5 24. Rxc7 Rxc7 25. Rxc7 Qxc7 26. Qc2 Qxc2 27. Bxc2 Nc4 28. Bc1 Nc6 29. Bd3 b5 30. b4 Be7 31. Kf1 Bd8 32. Bxc4 dxc4 33. Bd2 Bb6 34. Be3 Kf8 35. Ke1 Ke7 36. Kd2 Kd7 37. Kc3 Ne7 38. Ng3 Nd5+ 39. Kc2 f5 40. exf6 gxf6 41. Ne4 f5 42. Nc5+ Bxc5 43. dxc5 e5 44. Bd2 Ke6 45. Bh6 Nf6 46. f3 Nd5 47. g4 f4 48. h4 Ne7 49. Bg5 Nc6 50. Kc3 Nd4 51. Bd8 Nxf3 52. h5 Nd4 53. Bh4 Nc6 54. Bf2 e4 55. h6 Kf6 56. Bh4+ 0-1

[Event "Subotica City-ch"]
[Site "Subotica"]
[Date "2019.03.15"]
[Round "9"]
[White "Kosa, Jeno"]
[Black "Avram, Veso"]
[Result "0-1"]
[WhiteElo "2024"]
[BlackElo "2027"]
[PlyCount "120"]
[EventDate "2019.02.25"]
[EventType "swiss"]
[EventRounds "9"]
[EventCountry "SRB"]
[SourceTitle "CBM 189 Extra"]
[Source "ChessBase"]
[SourceDate "2019.06.03"]
[SourceVersion "1"]
[SourceVersionDate "2019.06.03"]
[SourceQuality "1"]

1. d4 Nf6 2. g3 d5 3. Bg2 c6 4. Nf3 Bf5 5. Nbd2 Nbd7 6. c4 e6 7. 0-0 Be7 8. Qb3 Qb6 9. c5 Qxb3 10. Nxb3 b6 11. cxb6 axb6 12. Bf4 0-0 13. a3 Rfc8 14. Rac1 c5 15. Nh4 Bg6 16. Nxg6 hxg6 17. Rc2 cxd4 18. Rfc1 Rxc2 19. Rxc2 Bc5 20. Bg5 Ne4 21. Bxe4 dxe4 22. Nd2 f6 23. Nxe4 fxg5 24. Nxg5 Nf8 25. Ne4 Be7 26. Rc7 Bd8 27. Rc6 Ra7 28. Rc8 Rd7 29. Nd2 d3 30. exd3 Rxd3 31. Nc4 b5 32. Ne5 Rd5 33. f4 g5 34. b3 gxf4 35. gxf4 Bf6 36. Ng4 Rd3 37. a4 Rxb3 38. axb5 Rxb5 39. Kg2 Rb3 40. Nf2 Kf7 41. Ne4 Ng6 42. Rc7+ Kf8 43. Rc8+ Ke7 44. Rc7+ Kd8 45. Rd7+ Kxd7 46. Nc5+ Kd6 47. Nxb3 Nxf4+ 48. Kf3 Nd3 49. Nd2 Nc5 50. Nc4+ Kd5 51. Ne3+ Kd4 52. Nc2+ Kc3 53. Ne3 e5 54. Nf5 Kd3 55. Ng3 e4+ 56. Kf4 Ne6+ 57. Kg4 e3 58. Kf5 Nd4+ 59. Kg6 e2 60. Nxe2 Nxe2 0-1

[Event "Subotica City-ch"]
[Site "Subotica"]
[Date "2019.03.13"]
[Round "8"]
[White "Avram, Veso"]
[Black "Pajzer, Istvan"]
[Result "1-0"]
[WhiteElo "2027"]
[BlackElo "2045"]
[PlyCount "71"]
[EventDate "2019.02.25"]
[EventType "swiss"]
[EventRounds "9"]
[EventCountry "SRB"]
[SourceTitle "CBM 189 Extra"]
[Source "ChessBase"]
[SourceDate "2019.06.03"]
[SourceVersion "1"]
[SourceVersionDate "2019.06.03"]
[SourceQuality "1"]

1. d4 Nf6 2. c4 c5 3. Nf3 g6 4. g3 Bg7 5. Bg2 cxd4 6. Nxd4 Nc6 7. 0-0 0-0 8. Nc3 Nxd4 9. Qxd4 d6 10. Qd2 Qc7 11. b3 Bd7 12. Bb2 Bc6 13. e4 e6 14. Rfd1 Rad8 15. Rac1 a6 16. Ba3 Qa5 17. Bxd6 Rd7 18. e5 Ng4 19. Bxc6 bxc6 20. f4 Rfd8 21. Qe2 h5 22. c5 Nh6 23. Ne4 Nf5 24. h3 Qb4 25. Kg2 Qb7 26. g4 hxg4 27. hxg4 Ne7 28. Bxe7 Rxd1 29. Rxd1 Qxe7 30. g5 Rd5 31. Rxd5 exd5 32. Nd6 Qa7 33. b4 Bf8 34. Kg3 f5 35. Ne8 Bg7 36. e6 1-0

[Event "Subotica City-ch"]
[Site "Subotica"]
[Date "2019.03.11"]
[Round "7"]
[White "Takacs, Tibor"]
[Black "Avram, Veso"]
[Result "0-1"]
[WhiteElo "1881"]
[BlackElo "2027"]
[PlyCount "83"]
[EventDate "2019.02.25"]
[EventType "swiss"]
[EventRounds "9"]
[EventCountry "SRB"]
[SourceTitle "CBM 189 Extra"]
[Source "ChessBase"]
[SourceDate "2019.06.03"]
[SourceVersion "1"]
[SourceVersionDate "2019.06.03"]
[SourceQuality "1"]

1. e4 c6 2. d4 d5 3. exd5 cxd5 4. Nf3 Bg4 5. Be2 Nc6 6. 0-0 e6 7. Re1 Nf6 8. Bf4 Bd6 9. Qd2 0-0 10. a3 Ne4 11. Qe3 Qb6 12. Bxd6 Nxd6 13. b3 Nf5 14. Qf4 Bxf3 15. gxf3 Qxd4 16. Qxd4 Ncxd4 17. Ra2 Rac8 18. c3 Nxb3 19. Rb2 Nc5 20. Kg2 Rc7 21. Rc1 Rfc8 22. Rb4 g6 23. Bf1 Ne7 24. h4 h5 25. Rc2 Nf5 26. Kh3 a5 27. Rb5 a4 28. Rb4 Ne7 29. Bb5 Nc6 30. Rbb2 Ne5 31. Nd2 Ncd3 32. Bxd3 Nxd3 33. Rb5 Rxc3 34. Rxc3 Rxc3 35. Rxb7 Rc2 36. Nb1 Rxf2 37. Kg3 Rc2 38. Ra7 e5 39. Rxa4 Nf4 40. Rxf4 exf4+ 41. Kxf4 d4 42. Ke4 0-1

[Event "Subotica City-ch"]
[Site "Subotica"]
[Date "2019.03.08"]
[Round "6"]
[White "Avram, Veso"]
[Black "Vadoc, Karolj"]
[Result "1/2-1/2"]
[WhiteElo "2027"]
[BlackElo "1911"]
[PlyCount "128"]
[EventDate "2019.02.25"]
[EventType "swiss"]
[EventRounds "9"]
[EventCountry "SRB"]
[SourceTitle "CBM 189 Extra"]
[Source "ChessBase"]
[SourceDate "2019.06.03"]
[SourceVersion "1"]
[SourceVersionDate "2019.06.03"]
[SourceQuality "1"]

1. d4 Nf6 2. c4 g6 3. g3 Bg7 4. Bg2 0-0 5. Nc3 c6 6. e4 d6 7. h3 Nbd7 8. Nge2 e5 9. Be3 Re8 10. 0-0 a6 11. a4 a5 12. Qc2 Qe7 13. d5 c5 14. Nb5 Rb8 15. Rac1 b6 16. Nec3 Rb7 17. Kh2 Nf8 18. f4 N6d7 19. f5 f6 20. h4 g5 21. hxg5 fxg5 22. Bf3 h6 23. Qd2 Nh7 24. Bh5 Rd8 25. Bg6 Ndf8 26. Kg2 Bd7 27. Rh1 Be8 28. Bxh7+ Nxh7 29. Rcf1 h5 30. Nd1 g4 31. f6 Bxf6 32. Bh6 Bg5 33. Bxg5 Qxg5 34. Qe2 Bg6 35. Rf2 Rbd7 36. Rhf1 h4 37. gxh4 Qxh4 38. Rh1 Qg5 39. Nbc3 Nf6 40. Rhf1 Nh5 41. Qe3 Nf4+ 42. Rxf4 exf4 43. Qxf4 Qxf4 44. Rxf4 Bh5 45. Ne3 Rf8 46. Nf5 Kh7 47. Nb5 Rf6 48. Kg3 Bg6 49. Kxg4 Bxf5+ 50. Rxf5 Rg6+ 51. Rg5 Kg7 52. Kf4 Rf7+ 53. Rf5 Rd7 54. e5 dxe5+ 55. Rxe5 Kf7 56. d6 Rgxd6 57. Nxd6+ Rxd6 58. Rd5 Rh6 59. Ke5 Ke7 60. b3 Rh5+ 61. Ke4 Rh4+ 62. Kd3 Rh3+ 63. Kc2 Rh2+ 64. Kd3 Rh3+ 1/2-1/2

[Event "Subotica-ch op"]
[Site "Subotica"]
[Date "2016.03.04"]
[Round "6"]
[White "Pacal, Mihaly"]
[Black "Avram, Veso"]
[Result "1-0"]
[WhiteElo "2081"]
[BlackElo "2097"]
[PlyCount "67"]
[EventDate "2016.02.22"]
[EventType "swiss"]
[EventRounds "9"]
[EventCountry "SRB"]
[SourceTitle "CBM 171 Extra"]
[Source "ChessBase"]
[SourceDate "2016.04.26"]
[SourceVersion "1"]
[SourceVersionDate "2016.04.26"]
[SourceQuality "1"]

1. e4 c5 2. d4 cxd4 3. c3 Nc6 4. cxd4 d5 5. exd5 Qxd5 6. Nf3 e6 7. Nc3 Bb4 8. Bd3 Nf6 9. 0-0 Qd8 10. a3 Be7 11. Re1 Nd5 12. Ne4 h6 13. Bc2 f5 14. Nc5 Kf7 15. Nd3 Bf6 16. Nde5+ Bxe5 17. Nxe5+ Nxe5 18. Rxe5 Nf6 19. Bb3 Re8 20. Rxf5 Bd7 21. Bf4 Bc6 22. Be5 Bd5 23. Rf4 Bxb3 24. Qxb3 Ke7 25. Rc1 Rc8 26. Qxb7+ Qd7 27. Qb4+ Kf7 28. Re1 Qd5 29. h3 Re7 30. Qd2 Kg6 31. Qd3+ Kf7 32. Bxf6 gxf6 33. Qh7+ Ke8 34. Qg6+ 1-0

[Event "IBCA Wch blind Gr2"]
[Site "Zaragoza"]
[Date "2013.06.18"]
[Round "7"]
[White "Draghici Flutur, Gavril"]
[Black "Avram, Veso"]
[Result "1-0"]
[WhiteElo "2141"]
[BlackElo "2145"]
[PlyCount "201"]
[EventDate "2013.06.12"]
[EventType "swiss"]
[EventRounds "7"]
[EventCountry "ESP"]
[SourceTitle "EXT 2014"]
[Source "ChessBase"]
[SourceDate "2013.11.20"]
[SourceVersion "1"]
[SourceVersionDate "2013.11.20"]
[SourceQuality "1"]

1. e4 c5 2. Nf3 e6 3. d4 cxd4 4. Nxd4 Nc6 5. Nc3 Qc7 6. Be3 a6 7. Bd3 Nf6 8. 0-0 b5 9. Nxc6 dxc6 10. a4 b4 11. Nb1 c5 12. Nd2 Bb7 13. b3 Be7 14. a5 0-0 15. Qe2 e5 16. Rfc1 Rfd8 17. c3 Qd7 18. Bb1 Ng4 19. Nc4 Nxe3 20. fxe3 Qe6 21. Nb6 Rab8 22. c4 Qd6 23. Nd5 Bxd5 24. cxd5 Rdc8 25. Bd3 Ra8 26. Rf1 Bd8 27. Bc4 Rc7 28. Rf3 g6 29. Qf2 Rd7 30. Qg3 Kg7 31. Kf2 Qe7 32. Ke2 Qh4 33. Qxh4 Bxh4 34. Raf1 Bd8 35. Ra1 Rd6 36. Kd2 f6 37. g4 Be7 38. h4 h6 39. Raf1 g5 40. hxg5 hxg5 41. Rh3 Rh8 42. Rxh8 Kxh8 43. Be2 Kg7 44. Kd3 Rd8 45. Rh1 Bd6 46. Kc4 Rb8 47. Kd3 Ra8 48. Kd2 Ra7 49. Rc1 Ra8 50. Rh1 Ra7 51. Kc2 Ra8 52. Kb2 Ra7 53. Ka2 Ra8 54. Ka1 Ra7 55. Kb1 Ra8 56. Kc1 Ra7 57. Kd1 Ra8 58. Ke1 Ra7 59. Bd3 Ra8 60. Kd2 Ra7 61. Kc2 Ra8 62. Kb2 Ra7 63. Ka2 Ra8 64. Ka1 Ra7 65. Kb1 Ra8 66. Kc1 Ra7 67. Kd1 Ra8 68. Ke1 Ra7 69. Kf1 Ra8 70. Kf2 Ra7 71. Ke2 Ra8 72. Ke1 Ra7 73. Kd1 Ra8 74. Kc1 Ra7 75. Kb1 Ra8 76. Ka1 Ra7 77. Ka2 Ra8 78. Kb2 Ra7 79. Kc2 Ra8 80. Kd2 Ra7 81. Ke2 Ra8 82. Bc4 Ra7 83. Kd3 Ra8 84. Rh3 Ra7 85. Rh1 Ra8 86. Ra1 Ra7 87. Bxa6 Rxa6 88. Kc4 Bb8 89. Kb5 Ra7 90. Kxc5 Rc7+ 91. Kxb4 Ba7 92. Kb5 Rc3 93. b4 Kf7 94. Ka6 Bxe3 95. b5 Ke7 96. b6 Rb3 97. Rh1 Kd6 98. Rh6 Ke7 99. Rh7+ Kd6 100. b7 Bd2 101. Rh8 1-0

[Event "SRB-ch blind"]
[Site "Nis"]
[Date "2013.04.24"]
[Round "9"]
[White "Avram, Veso"]
[Black "Tadic, Uros"]
[Result "1-0"]
[WhiteElo "2145"]
[BlackElo "2044"]
[PlyCount "21"]
[EventDate "2013.04.20"]
[EventType "tourn"]
[EventRounds "9"]
[EventCountry "SRB"]
[SourceTitle "EXT 2014"]
[Source "ChessBase"]
[SourceDate "2013.11.20"]
[SourceVersion "1"]
[SourceVersionDate "2013.11.20"]
[SourceQuality "1"]

1. d4 c6 2. c4 d5 3. Nc3 g6 4. Nf3 Bg7 5. e3 Bg4 6. cxd5 cxd5 7. Qb3 Nf6 8. Qxb7 Bxf3 9. Qxa8 Nbd7 10. Qxd8+ Kxd8 11. gxf3 1-0

[Event "SRB-ch blind"]
[Site "Nis"]
[Date "2013.04.22"]
[Round "5"]
[White "Bogdanovic, Dragan"]
[Black "Avram, Veso"]
[Result "0-1"]
[WhiteElo "1994"]
[BlackElo "2145"]
[PlyCount "74"]
[EventDate "2013.04.20"]
[EventType "tourn"]
[EventRounds "9"]
[EventCountry "SRB"]
[SourceTitle "EXT 2014"]
[Source "ChessBase"]
[SourceDate "2013.11.20"]
[SourceVersion "1"]
[SourceVersionDate "2013.11.20"]
[SourceQuality "1"]

1. d4 Nf6 2. Nf3 e6 3. c4 b6 4. Nc3 Bb7 5. Bg5 h6 6. Bh4 Bb4 7. Rc1 g5 8. Bg3 Ne4 9. e3 Bxc3+ 10. bxc3 Nxg3 11. hxg3 Nc6 12. d5 Na5 13. Ne5 Qe7 14. f4 0-0-0 15. Be2 d6 16. Nc6 Nxc6 17. dxc6 Bxc6 18. Bf3 d5 19. Qe2 f5 20. cxd5 exd5 21. Qd3 Kb8 22. Kf2 g4 23. Bd1 Qe4 24. Qd4 Bd7 25. Bc2 Qe6 26. Rb1 Qd6 27. Rhd1 Bc8 28. c4 dxc4 29. Qxc4 Qe7 30. e4 fxe4 31. Bxe4 Bb7 32. Bf5 Rxd1 33. Rxd1 Re8 34. Qd3 Qc5+ 35. Kf1 a5 36. Qc2 Ba6+ 37. Bd3 Qxc2 0-1

[Event "IBCA-ol blind 14th"]
[Site "Chennai"]
[Date "2012.08.10"]
[Round "1.4"]
[White "Avram, Veso"]
[Black "Ganrav, G."]
[Result "1-0"]
[WhiteElo "2127"]
[BlackElo "1807"]
[PlyCount "67"]
[EventDate "2012.08.10"]
[EventType "team-swiss"]
[EventRounds "9"]
[EventCountry "IND"]
[SourceTitle "CBM 149 Extra"]
[Source "ChessBase"]
[SourceDate "2012.08.24"]
[SourceVersion "1"]
[SourceVersionDate "2012.08.24"]
[SourceQuality "1"]
[WhiteTeam "Serbia"]
[BlackTeam "India II"]
[WhiteTeamCountry "SRB"]
[BlackTeamCountry "IND"]

1. d4 Nf6 2. c4 e5 3. dxe5 Ng4 4. Nf3 Bc5 5. e3 Nc6 6. Be2 Ngxe5 7. Nxe5 Nxe5 8. 0-0 d6 9. Nc3 0-0 10. b3 Bd7 11. Bb2 f5 12. Nd5 Ng6 13. Bh5 Be6 14. Bxg6 hxg6 15. Qd2 g5 16. Rad1 c6 17. b4 cxd5 18. bxc5 dxc4 19. Qc3 Qf6 20. Qc2 Qf7 21. Rxd6 Rfc8 22. Qc3 Rxc5 23. Rxe6 b5 24. Rd6 a5 25. Qd4 Rc7 26. Rd1 Raa7 27. Rd8+ Kh7 28. e4 b4 29. exf5 Qxf5 30. h4 c3 31. Bc1 c2 32. Rd3 Re7 33. hxg5 Re1+ 34. Kh2 1-0

[Event "Subotica-ch"]
[Site "Subotica"]
[Date "2012.05.23"]
[Round "8"]
[White "Avram, Veso"]
[Black "Guzsvany, Arpad"]
[Result "0-1"]
[WhiteElo "2109"]
[BlackElo "2200"]
[PlyCount "134"]
[EventDate "2012.05.07"]
[EventType "swiss"]
[EventRounds "9"]
[EventCountry "SRB"]
[SourceTitle "CBM 148 Extra"]
[Source "ChessBase"]
[SourceDate "2012.06.22"]
[SourceVersion "1"]
[SourceVersionDate "2012.06.22"]
[SourceQuality "1"]

1. d4 Nf6 2. Nf3 d5 3. c4 c6 4. e3 a6 5. Bd3 e6 6. 0-0 Nbd7 7. Nbd2 b5 8. b3 Be7 9. Qe2 bxc4 10. bxc4 c5 11. Rb1 0-0 12. e4 dxe4 13. Nxe4 cxd4 14. Bg5 Rb8 15. Nxf6+ Bxf6 16. Qe4 g6 17. Rxb8 Nxb8 18. Qh4 Nd7 19. Rb1 Bxg5 20. Nxg5 h5 21. Qg3 Nc5 22. Bxg6 fxg6 23. Ne4 Rf5 24. Qxg6+ Kf8 25. Qh6+ Kf7 26. Qh7+ Ke8 27. Qh8+ Kd7 28. Nxc5+ Ke7 29. Qxd8+ Kxd8 30. Ne4 Ra5 31. Rb2 Kc7 32. f3 e5 33. Kf2 Be6 34. Nd2 Ra4 35. g3 Kc6 36. f4 exf4 37. gxf4 Bxc4 38. Rc2 Kd5 39. Nxc4 Rxc4 40. Rxc4 Kxc4 41. Ke2 d3+ 42. Kd2 Kd4 43. f5 Ke5 44. f6 Kxf6 45. Kxd3 Kf5 46. Ke3 Kg4 47. Kf2 Kh3 48. Kg1 a5 49. a4 h4 50. Kh1 Kg4 51. Kg2 h3+ 52. Kf2 Kf4 53. Kg1 Kf3 54. Kh1 Ke3 55. Kg1 Kd3 56. Kf2 Kc3 57. Ke3 Kb3 58. Kd3 Kxa4 59. Kc4 Ka3 60. Kc3 a4 61. Kc2 Kb4 62. Kb2 a3+ 63. Ka2 Ka4 64. Ka1 Kb3 65. Kb1 Kc3 66. Ka2 Kd2 67. Kxa3 Ke2 0-1

[Event "Subotica-ch"]
[Site "Subotica"]
[Date "2012.05.21"]
[Round "7"]
[White "Kler, Borko"]
[Black "Avram, Veso"]
[Result "1-0"]
[WhiteElo "2196"]
[BlackElo "2109"]
[PlyCount "53"]
[EventDate "2012.05.07"]
[EventType "swiss"]
[EventRounds "9"]
[EventCountry "SRB"]
[SourceTitle "CBM 148 Extra"]
[Source "ChessBase"]
[SourceDate "2012.06.22"]
[SourceVersion "1"]
[SourceVersionDate "2012.06.22"]
[SourceQuality "1"]

1. e4 c5 2. Nf3 e6 3. d4 cxd4 4. Nxd4 Nc6 5. Nc3 Qc7 6. Nxc6 bxc6 7. Bd3 Nf6 8. 0-0 d5 9. Qe2 Be7 10. Kh1 h5 11. b3 g6 12. Bb2 0-0 13. f4 dxe4 14. Nxe4 Nxe4 15. Bxe4 Bb7 16. Qc4 c5 17. Qc3 e5 18. Bxb7 Qxb7 19. Qxe5 f6 20. Qe6+ Rf7 21. Rad1 Qb6 22. Qe4 Rd8 23. Qxg6+ Rg7 24. Qxh5 c4 25. Rxd8+ Bxd8 26. Qe8+ Kh7 27. Rf3 1-0

[Event "Subotica-ch"]
[Site "Subotica"]
[Date "2012.05.18"]
[Round "6"]
[White "Avram, Veso"]
[Black "Scepanovic, Labud"]
[Result "1-0"]
[WhiteElo "2109"]
[BlackElo "2197"]
[PlyCount "79"]
[EventDate "2012.05.07"]
[EventType "swiss"]
[EventRounds "9"]
[EventCountry "SRB"]
[SourceTitle "CBM 148 Extra"]
[Source "ChessBase"]
[SourceDate "2012.06.22"]
[SourceVersion "1"]
[SourceVersionDate "2012.06.22"]
[SourceQuality "1"]

1. d4 d6 2. c4 g6 3. Nc3 Bg7 4. Nf3 e5 5. dxe5 dxe5 6. Qxd8+ Kxd8 7. Bg5+ f6 8. 0-0-0+ Nd7 9. Bh4 Nh6 10. Nxe5 g5 11. Nxd7 Bxd7 12. Bg3 Nf5 13. e4 Nxg3 14. hxg3 c6 15. Be2 Kc7 16. g4 Rae8 17. Kc2 f5 18. gxf5 Bxc3 19. Kxc3 Rxe4 20. Bd3 Rf4 21. Rhe1 Re8 22. Rxe8 Bxe8 23. f3 h5 24. Be4 h4 25. Kd4 Kd6 26. c5+ Ke7 27. Ke5 Bf7 28. b3 Bh5 29. Rd6 h3 30. g4 h2 31. Rd1 Bxg4 32. fxg4 Rxg4 33. Rh1 Rh4 34. Bg2 a5 35. f6+ Kf7 36. Bf1 g4 37. Bc4+ Kg6 38. f7 Kg7 39. Kf4 a4 40. Kg3 1-0

[Event "Subotica-ch"]
[Site "Subotica"]
[Date "2012.05.14"]
[Round "4"]
[White "Avram, Veso"]
[Black "Pajzer, Istvan"]
[Result "1/2-1/2"]
[WhiteElo "2109"]
[BlackElo "2080"]
[PlyCount "83"]
[EventDate "2012.05.07"]
[EventType "swiss"]
[EventRounds "9"]
[EventCountry "SRB"]
[SourceTitle "CBM 148 Extra"]
[Source "ChessBase"]
[SourceDate "2012.06.22"]
[SourceVersion "1"]
[SourceVersionDate "2012.06.22"]
[SourceQuality "1"]

1. c4 Nf6 2. Nf3 g6 3. b3 Bg7 4. Bb2 c6 5. g3 Qb6 6. d4 d5 7. cxd5 cxd5 8. Bg2 Nc6 9. 0-0 Ne4 10. Nc3 Nxc3 11. Bxc3 Bg4 12. e3 0-0 13. Qd2 Bxf3 14. Bxf3 e6 15. b4 Ne7 16. Be2 Nf5 17. b5 Rfc8 18. Ba5 Qd6 19. Bb4 Qd7 20. Rfc1 Bf8 21. Rxc8 Rxc8 22. Bxf8 Kxf8 23. Rc1 Kg7 24. Bd3 Nd6 25. a4 Rxc1+ 26. Qxc1 h5 27. h4 Kg8 28. Kg2 Qd8 29. Qc3 g5 30. Qe1 Nc4 31. e4 Qf6 32. e5 Qe7 33. hxg5 Qxg5 34. f4 Qe7 35. Qe2 Qb4 36. Qxh5 Qb2+ 37. Kh3 Qxd4 38. Qg5+ Kh8 39. Qd8+ Kg7 40. Qg5+ Kf8 41. Qd8+ Kg7 42. Qg5+ 1/2-1/2